Globalization : A Short History /
'Globalization' has become a popular buzzword for explaining today's world. The expression achieved terminological stardom in the 1990s and was soon embraced by the general public and integrated into numerous languages. This text makes the case that globalization is not so new after a...
| Main Author: | |
|---|---|
| Other Authors: | |
| Format: | Electronic eBook |
| Language: | Inglés Alemán |
| Published: |
Woodstock :
Princeton University Press,
2009.
|
| Series: | Book collections on Project MUSE.
|
| Subjects: | |
| Online Access: | Texto completo |
MARC
| LEADER | 00000cam a22000004a 4500 | ||
|---|---|---|---|
| 001 | musev2_84539 | ||
| 003 | MdBmJHUP | ||
| 005 | 20230905052708.0 | ||
| 006 | m o d | ||
| 007 | cr||||||||nn|n | ||
| 008 | 090703r20092005nju o 00 0 eng d | ||
| 020 | |a 9781400824328 | ||
| 020 | |z 9780691133959 | ||
| 020 | |z 9780691121659 | ||
| 035 | |a (OCoLC)1259431043 | ||
| 040 | |a MdBmJHUP |c MdBmJHUP | ||
| 041 | 1 | |a eng |h ger | |
| 100 | 1 | |a Osterhammel, Jürgen. | |
| 240 | 1 | 0 | |a Geschichte der globalisierung. |l English |
| 245 | 1 | 0 | |a Globalization : |b A Short History / |c Jürgen Osterhammel and Niels P. Petersson ; translated by Dona Geyer. |
| 264 | 1 | |a Woodstock : |b Princeton University Press, |c 2009. | |
| 264 | 3 | |a Baltimore, Md. : |b Project MUSE, |c 2021 | |
| 264 | 4 | |c ©2009. | |
| 300 | |a 1 online resource (200 pages). | ||
| 336 | |a text |b txt |2 rdacontent | ||
| 337 | |a computer |b c |2 rdamedia | ||
| 338 | |a online resource |b cr |2 rdacarrier | ||
| 500 | |a This translation originally published: 2005. | ||
| 520 | 8 | |a 'Globalization' has become a popular buzzword for explaining today's world. The expression achieved terminological stardom in the 1990s and was soon embraced by the general public and integrated into numerous languages. This text makes the case that globalization is not so new after all. | |
| 546 | |a Translated from the German. | ||
| 588 | |a Description based on print version record. | ||
| 650 | 7 | |a Globalisering |x historia. |2 sao | |
| 650 | 7 | |a Globalization. |2 fast |0 (OCoLC)fst00943532 | |
| 650 | 0 | |a Globalization |x History. | |
| 655 | 7 | |a History. |2 fast |0 (OCoLC)fst01411628 | |
| 655 | 7 | |a Electronic books. |2 local | |
| 700 | 1 | |a Petersson, Niels P. | |
| 710 | 2 | |a Project Muse. |e distributor | |
| 830 | 0 | |a Book collections on Project MUSE. | |
| 856 | 4 | 0 | |z Texto completo |u https://projectmuse.uam.elogim.com/book/84539/ |
| 945 | |a Project MUSE - Custom Collection | ||


